Tips & Tricks in Interventional cardiology / (Record no. 35704)

MARC details
000 -LEADER
fixed length control field 00502nam a22001817a 4500
005 - DATE AND TIME OF LATEST TRANSACTION
control field 20240506151608.0
008 - FIXED-LENGTH DATA ELEMENTS--GENERAL INFORMATION
fixed length control field 240506b |||||||| |||| 00| 0 eng d
020 ## - INTERNATIONAL STANDARD BOOK NUMBER
ISBN 97893512528210
082 ## - DEWEY DECIMAL CLASSIFICATION NUMBER
Classification number 616.123
Item number RAY-T
100 ## - MAIN ENTRY--AUTHOR
Author Name Ray Shuvanan
245 ## - TITLE STATEMENT
Title Tips & Tricks in Interventional cardiology /
Statement of responsibility, etc. Shuvanan Ray
260 ## - PUBLICATION, DISTRIBUTION, ETC.
Place of Publication india;
Name of publisher, distributor, etc. jaypee brothers;
Date of publication, distribution, etc. 2015.
300 ## - PHYSICAL DESCRIPTION
Pages 189p.
500 ## - GENERAL NOTE
General note include index .
650 ## - SUBJECT ADDED ENTRY--TOPICAL TERM
Subject / Department Medical / Rediology
700 ## - ADDED ENTRY--PERSONAL NAME
Personal name Shuvanan Ray
300 ## - PHYSICAL DESCRIPTION
-- ill;
-- 24cm.
952 ## - LOCATION AND ITEM INFORMATION (KOHA)
-- 0
-- 0
952 ## - LOCATION AND ITEM INFORMATION (KOHA)
-- 0
-- 0
Holdings
Lost status Damaged status Collection code Permanent Location Current Location Shelving Location Date acquired Full Call Number Accession No./Barcode Date last seen Copy number item type Koha item type
    Medical Superior Information Resource Center (SIRC) Superior University- Main Campus Superior Information Resource Center (SIRC) Superior University- Main Campus Radiology 05/06/2024 616.123 RAY-T 2015 13469 05/06/2024 1 BOOK BOOK
    Medical Superior Information Resource Center (SIRC) Superior University- Main Campus Superior Information Resource Center (SIRC) Superior University- Main Campus Radiology 05/06/2024 616.123 RAY-T 2015 13470 05/06/2024 2 BOOK BOOK

Powered by Koha